000
00267nam a2200109Ia 4500
008
230907s9999||||xx |||||||||||||| ||und||
082
_a
610.28
_b
ZHA
100
_a
Zhang, Guigen,
245
0
_a
Introduction to integrative engineering :
300
_a
p. ;
942
_c
BK
999
_c
600819
_d
600819